| 000 | 00947cam a2200253 4500 | ||
|---|---|---|---|
| 001 | ##L131401 | ||
| 002 | ##9084 | ||
| 008 | 051028n2005 000 0 eng u | ||
| 020 | _a1853289663 | ||
| 035 | _a(Sirsi) u131401 | ||
| 041 | 0 | _aeng | |
| 050 | 0 | 4 | _a346.410438 $2 18 |
| 100 | 1 | _aHayden, Tim | |
| 245 | 0 | 0 |
_aLicensing for conveyancers _ba practical guide |
| 260 |
_aLondon _bLaw Society _c2005 |
||
| 300 |
_axxiii, 311p. _c24cm. |
||
| 350 | _a44.95 | ||
| 520 | _aProvides a basic understanding of the Licensing Act 2003 which introduced an integrated system of licensing to be administered by local authorities rather than the Magistrate's Courts. Includes precedents, guidance on preliminary enquiries, and extracts from the SoS's guidance and the Act itself. | ||
| 590 | _aIKA061205 | ||
| 650 | 2 | 4 | _aLICENSING ACT 2003 |
| 690 | _aPROPERTY-PROPERTY ACQUISITION AND DISPOSAL-CONVEYANCING | ||
| 700 | 1 | _aHanney, Jane | |
| 942 | _n0 | ||
| 999 |
_c104745 _d104745 |
||